| Поле | Инд. | ПП | Название | Значение |
|---|---|---|---|---|
| Тип записи | a | |||
| Библиографический уровень | b | |||
| 001 | Контрольный номер | RU/IS/BASE/185541788 | ||
| 005 | Дата корректировки | 20220715140328.1 | ||
| 008 | Кодируемые данные | 20051117 | ||
| 084 | a | Индекс другой классификации/Индекс ББК | 66.69(2Рос) | |
| 100 | 1_ | a | Автор | Соловьев Э. Г. |
| q | Полное имя | Соловьев Эдуард Геннадьевич | ||
| 245 | a | Заглавие | Российские партии власти: в поисках внешнеполитической стратегии | |
| 504 | a | Библиография | Библиогр. ссылки. - Примеч. | |
| 650 | a | Основная рубрика | внутренняя политика | |
| a | Основная рубрика | политика | ||
| a | Основная рубрика | политические партии | ||
| 653 | a | Ключевые слова | "Выбор России" (политический блок) | |
| a | Ключевые слова | "Единая Россия" (политическая партия) | ||
| a | Ключевые слова | "Единство" (политическая партия) | ||
| a | Ключевые слова | "Наш Дом-Россия" (НДР) | ||
| a | Ключевые слова | внешнеполитическая стратегия | ||
| a | Ключевые слова | партия власти | ||
| a | Ключевые слова | программа партии | ||
| a | Ключевые слова | Россия | ||
| 773 | t | Заглавие источника | Вестник Московского университета. Серия 18, Социология и политология | |
| d | Дата издания источника | 2005 | ||
| g | Прочая информация | № 2. - С. 37 - 56 | ||
| w | Контрольный № источника | RU/IS/BASE/177609356 | ||
| 901 | t | Тип документа | b |